| 000 | 00532nam a2200205Ia 4500 | ||
|---|---|---|---|
| 005 | 20250923144417.0 | ||
| 008 | 008 250917s9999 xx 000 0 eng d | ||
| 037 | _aTextual | ||
| 040 |
_aDSWL _beng _cDSWL |
||
| 041 |
_aeng _2eng |
||
| 084 |
_aL:5, H5 _qDSWL |
||
| 100 |
_aGrundy, Fred _9824611 |
||
| 245 | 0 |
_aHandbook of social medicine _cby Fred Grundy |
|
| 260 |
_aLondon _c1945 |
||
| 300 | _a173 p. | ||
| 365 |
_aINR _b8.6 |
||
| 925 | _g8.6 | ||
| 942 |
_cTEXL _hL:5, H5 |
||
| 999 |
_c1438500 _d1438500 |
||